| 000 | 00529nam a2200229Ia 4500 | ||
|---|---|---|---|
| 003 | OSt | ||
| 005 | 20220815114104.0 | ||
| 008 | 220815b |||||||| |||| 00| 0 eng d | ||
| 020 | _a0826453767 | ||
| 040 | _cIFM Library | ||
| 082 | _a657.42 | ||
| 100 |
_aLucey, T _91452 |
||
| 245 | _aCosting | ||
| 250 | _a5th ed. | ||
| 260 |
_aLondon: _bContinuum _c2003 |
||
| 260 | _bContinuum | ||
| 260 | _c2003 | ||
| 300 |
_avi, 618 p. : _bill. ; 23 cm |
||
| 500 | _aIncludes index | ||
| 650 |
_aCosting _9282 |
||
| 942 |
_cBK _2ddc _n0 |
||
| 999 |
_c11647 _d11647 |
||